Bola hospodárska reforma účinným nástrojom na riešenie finančnej krízy v juhovýchodnej Ázii?

Východzia pozícia krajín postihnutých finančnou krízou. Záchranný program Medzinárodného menového fondu. Medzinárodné príčiny krízy. Návrhy adaptačných programov. Ekonomický vývoj v juhovýchodnej Ázii po finančnej kríze. Reštrukturalizácia finančného a bankového sektora. Reštrukturalizácia podnikov...

Ausführliche Beschreibung

Gespeichert in:
Bibliographische Detailangaben
1. Verfasser: Baláž, Peter
Weitere Verfasser: Líner, Martin
Format: Buchkapitel
Sprache:Slowakisch
Schlagworte:
Tags: Tag hinzufügen
Keine Tags, Fügen Sie das erste Tag hinzu!

MARC

LEADER 00000naa$a2200000$$$4500
001 0028687
005 20240502083123.7
041 0 |a slo 
044 |a CZ 
245 1 0 |a Bola hospodárska reforma účinným nástrojom na riešenie finančnej krízy v juhovýchodnej Ázii?  |c Peter Baláž, Martin Líner 
520 |a Východzia pozícia krajín postihnutých finančnou krízou. Záchranný program Medzinárodného menového fondu. Medzinárodné príčiny krízy. Návrhy adaptačných programov. Ekonomický vývoj v juhovýchodnej Ázii po finančnej kríze. Reštrukturalizácia finančného a bankového sektora. Reštrukturalizácia podnikovej sféry. Reformy v oblasti správy a riadenia spoločnosti. Stav reštrukturalizácie. Stratégia prevencie voči finančným krízam. 
610 2 0 |a situácia hospodárska 
610 2 0 |a kríza finančná 
610 2 0 |a reformy hospodárske 
610 2 0 |a juhovýchodná Ázia 
610 2 0 |a produkt domáci hrubý 
610 2 0 |a Medzinárodný menový fond 
610 2 0 |a programy rozvojové 
610 2 0 |a adaptácia 
610 2 0 |a reštrukturalizácia finančná 
100 1 |a Baláž, Peter 
700 1 |a Líner, Martin